| 000 | 00684nam a2200205Ii 4500 | ||
|---|---|---|---|
| 003 | JO-AjNU | ||
| 008 | 230605s9999||||xx |||||||||||||| ||und|| | ||
| 017 | _a2002/8/1331 | ||
| 040 |
_aJO-AjNU _bara _erda _cJO-AjNU |
||
| 041 | _aara | ||
| 050 | 1 | 4 | _aP325.A99 2002 |
| 100 | 3 |
_aعزوز، احمد تأليف, _eauthor _945034 |
|
| 245 | 0 | 0 | _aأصول تراثية في نظرية الحقول الدلالية |
| 264 | 3 | 1 | _aدمشق:اتحاد الكتاب العرب,2002 |
| 300 | _a107ص | ||
| 336 |
_atext _btxt _2rdacontent |
||
| 337 |
_aunmediated _bn _2rdamedia |
||
| 338 |
_avolume _bnc _2rdacarrier |
||
| 650 | 4 |
_aأصول تراثية-الحقول الدلالية _945035 |
|
| 999 |
_aA19492 _c23060 _d23060 |
||